| 000 | 00455 a2200169 4500 | ||
|---|---|---|---|
| 005 | 20260310150915.0 | ||
| 008 | 260310b |||||||| |||| 00| 0 eng d | ||
| 020 | _a9781445666693 | ||
| 040 | _cSDCL | ||
| 041 |
_2eng _aeng |
||
| 084 | _aV1'P Q7 | ||
| 100 |
_aBartlett, W. B. _91131563 |
||
| 245 |
_aThe Story of the World : _bFrom Prehistory to the Present |
||
| 260 |
_aHill : _bAmberley Publishing, _c2017. |
||
| 300 | _a512p. | ||
| 942 |
_cTEXL _2CC |
||
| 999 |
_c1672523 _d1672523 |
||